<The> Colonial Background of the American Revolution Four Essays in American Colonial History

Na minha lista:
Detalhes bibliográficos
Autor principal: Andrews, Charles M.
Formato: Livro
Idioma:inglês
Publicado em: New Haven Yale University Press 1958
Assuntos:
Tags: Adicionar Tag
Sem tags, seja o primeiro a adicionar uma tag!

MARC

LEADER 00000nam a2200000 4500
001 c011813
005 20251029115651.0
020 |a 0-300-00268-8 
041 0 |a eng 
044 |a US 
245 1 0 |a <The> Colonial Background of the American Revolution  |b Four Essays in American Colonial History  |c Charles M. Andrews 
264 1 |a New Haven  |b Yale University Press  |c 1958 
300 |a 220 s. 
610 2 0 |a dejiny 
610 2 0 |a kolonializmus 
610 2 0 |a kolonizácia 
610 2 0 |a revolúcia 
610 2 0 |a USA 
100 1 |a Andrews, Charles M.